LEADER 01707nam a2200301 a 4500 001 000000115987 003 CaOOAMICUS 005 20090924155314.0 008 080604s1550 fr a u000 u lat r 026 $ae:au m,io$bneu- &ite (3)$c1550 (A) 040 $aPUL$bita$delep 245 00$aCosmographiae introductio: cum quibusdam geometriae ac astronomiae principiis ad eam rem necessariis. 260 $aParisiis :$bapud Gulielmum Cavellat, in pingui gallina ex adverso collegij Cameracensis,$c1550. 300 $a46, [2] c. :$bill. ;$c8° (16 cm) 500 $aSegnatura: A-F8 650 04$aCosmografia$ySec. XVI.$0(OLS)http://pul/subject/35432 650 04$aAstronomia$ySec. XVI.$0(OLS)http://pul/subject/35405 662 $aFrancia$dParigi.$0(OLS)http://pul/subject/35022 710 0 $aCavellat, Guillaume$4pbl.$0(OLS)http://pul/name/71999 850 $aPUL 852 $aPUL$W1$xDP1 Antico 500$y12$m761 C 14$j132887$qStampati Antico$B131887$CPULBib$Z2$F131887 $82 856 0$uhttp://aquabrowser.pul.it/cinquecentine/761C14-1.jpg 856 0$uhttp://aquabrowser.pul.it/cinquecentine/761C14-2.jpg 856 0$uhttp://aquabrowser.pul.it/cinquecentine/761C14-3.jpg 941 1 $a15 961 $aNote mss. all'interno del testoPrecedenti collocazioni: B A07Z.Precedente appartenenza: Collegio Germanico "ex cubiculi SS. Petri"Stemma dell'ordine dei Gesuiti (JHS) sul dorso.Stemma di Gregorio XIII sul dorso. 996 $6245$aCosmographiae introductio: cum quibusdam geometriae ac astronomiae principiis ad eam rem necessariis$9(OLS)http://pul/title/145757 996 $6260$aParisiis :$bapud Gulielmum Cavellat, in pingui gallina ex adverso collegij Cameracensis$9(OLS)http://pul/publisher/80377 LEADER 01367nam a2200313 a 4500 001 000000149504 003 CaOOAMICUS 005 20160218131944.0 008 160218s2016 nju u000 u eng r 020 $a978-0-8091-4957-5* 032 $aLibriCat 040 $aPUL$bita 082 04$a262.94 100 1 $aMcKenna, Kevin E.,$d1950-$0(OLS)http://pul/name/51708 245 10$aAnnulment : $ba guide for RCIA candidates, ministers, and others /$cKevin E. McKenna. 260 $aMahwah, N.J. ;$aNew York :$bPaulist Press,$c©2016. 300 $av, 53 p. ;$c18 cm. 504 $aBibliografia di riferimento. 650 4$aDiritto processuale canonico.$0(OLS)http://pul/subject/29586 650 4$aMatrimonio (diritto canonico)$xNullità.$0(OLS)http://pul/subject/5787 850 $aPUL 852 $aPUL$W1$xSL Diritto Canonico 3$y77$m262. 94 MCKKE 1$j172152$qDDC 21$B173775$CPULBib$Z2$F173775 $H127136 $81 941 1 $a9 960 $aDiritto canonico processuale$929586 996 $6020$a978-0-8091-4957-5*$9(OLS)http://pul/number/159749 996 $6082$a262.94$9(OLS)http://pul/classification/422 996 $6245$aAnnulment : $ba guide for RCIA candidates, ministers, and others$9(OLS)http://pul/title/188492 996 $6260$aMahwah, N.J. ;$aNew York :$bPaulist Press$9(OLS)http://pul/publisher/75728